<?xml version="1.0" encoding="UTF-8"?>
<marc:record xmlns:marc="http://www.loc.gov/MARC21/slim">
   <marc:leader>00000nam a2200000 a 4500</marc:leader>
   <marc:datafield ind1="1" ind2=" " tag="100">
      <marc:subfield code="a">Schreiber, Thomas</marc:subfield>
      <marc:subfield code="4">aut</marc:subfield>
      <marc:subfield code="e">Verfasser/-in</marc:subfield>
   </marc:datafield>
   <marc:datafield ind1=" " ind2=" " tag="653">
      <marc:subfield code="a">Behindertenhilfe</marc:subfield>
   </marc:datafield>
   <marc:datafield ind1=" " ind2=" " tag="653">
      <marc:subfield code="a">Hilfeplan</marc:subfield>
   </marc:datafield>
   <marc:datafield ind1=" " ind2=" " tag="653">
      <marc:subfield code="a">9</marc:subfield>
   </marc:datafield>
   <marc:datafield ind1="0" ind2="0" tag="245">
      <marc:subfield code="a">Individuelle Hilfeplanung</marc:subfield>
   </marc:datafield>
   <marc:datafield ind1="0" ind2="0" tag="245">
      <marc:subfield code="b">Arbeitsmaterialien auf CD</marc:subfield>
   </marc:datafield>
   <marc:datafield ind1="0" ind2="0" tag="245">
      <marc:subfield code="c">Thomas Schreiber</marc:subfield>
   </marc:datafield>
   <marc:datafield ind1=" " ind2="1" tag="264">
      <marc:subfield code="a">Bonn</marc:subfield>
      <marc:subfield code="b">Psychiatrie-Verl.</marc:subfield>
      <marc:subfield code="c">2010</marc:subfield>
   </marc:datafield>
   <marc:datafield ind1="1" ind2=" " tag="490">
      <marc:subfield code="a">Psychosoziale Arbeitshilfen</marc:subfield>
      <marc:subfield code="v">27</marc:subfield>
   </marc:datafield>
   <marc:datafield ind1="1" ind2=" " tag="520">
      <marc:subfield code="a">Angaben aus der Verlagsmeldung

Individuelle Hilfeplanung : Behinderten Menschen die Teilhabe am gesellschaftlichen Leben ermöglichen / von Thomas Schreiber

Menschen mit einer körperlichen oder geistigen Behinderung sowie psychisch Kranke haben einen gesetzlichen Anspruch auf Hilfe und Unterstützung. Die individuelle Hilfeplanung ist das wesentliche Instrument, um gemeinsam mit ihnen herauszufinden, welche Hilfen sie benötigen und diese zu koordinieren. Dieses Manual stellt Prinzipien, Aufgaben und Vorgehensweisen allgemeingültig vor und konkretisiert anhand verschiedener Beispiele, wo und wie welche Hilfen in typischen Hilfeplänen dokumentiert werden können. Risiken und Nebenwirkungen werden ebenso erwähnt wie Handlungsempfehlungen und Tipps. Die beiliegende CD enthält Checklisten und Musterhilfepläne, auch in einfacher Sprache für Menschen mit kognitiven Einschränkungen oder Migrationshintergrund.

Es geht nicht um vorgefertigte Lösungen, sondern um die Vermittlung einer personenbezogenen Grundhaltung, die notwendig ist, um sich das Instrument der individuellen Hilfeplanung anzueignen und effektiv einzusetzen.
</marc:subfield>
   </marc:datafield>
   <marc:datafield ind1=" " ind2=" " tag="020">
      <marc:subfield code="a">9783884144718</marc:subfield>
      <marc:subfield code="9">9783884144718</marc:subfield>
   </marc:datafield>
   <marc:datafield ind1=" " ind2=" " tag="041">
      <marc:subfield code="a">ger</marc:subfield>
   </marc:datafield>
   <marc:datafield ind1=" " ind2=" " tag="300">
      <marc:subfield code="a">123 S.</marc:subfield>
   </marc:datafield>
</marc:record>
